| 000 | 00549nam a22002057a 4500 | ||
|---|---|---|---|
| 003 | 0 | ||
| 005 | 20260124142829.0 | ||
| 008 | 260124b xxu||||| |||| 00| 0 eng d | ||
| 020 | _a9781394273898 | ||
| 050 |
_aQK 47 _b.K7 2025 |
||
| 100 | _aKratz, Rene Fester | ||
| 245 |
_aBotany for dummies _cKratz, Rene Fester |
||
| 250 | _a2nd edition | ||
| 260 |
_aHoboken, New Jersey _bJohn Wiley & Sons, Inc. _c2025 |
||
| 300 |
_axii, 385 pages ; _c24cm. |
||
| 504 | _aIncludes index. | ||
| 650 | _aBotany. | ||
| 650 | _aPlants. | ||
| 942 |
_2lcc _cBK |
||
| 999 |
_c368764 _d368764 |
||